Teaching the new arithmetic/ (Record no. 543697)
[ view plain ]
| 000 -LEADER | |
|---|---|
| fixed length control field | 00670cam a2200181u 4500 |
| 082 ## - DEWEY DECIMAL CLASSIFICATION NUMBER | |
| Classification number | 513 |
| Author Mark | WIL |
| -- | L-1 ; P-2 |
| 100 1# - MAIN ENTRY--PERSONAL NAME | |
| Personal name | Wilson, Guy Mitchell, |
| 9 (RLIN) | 39168 |
| 245 10 - TITLE STATEMENT | |
| Title | Teaching the new arithmetic/ |
| Remainder of title | what to teach, how to teach it, provision for professional growth, |
| 250 ## - EDITION STATEMENT | |
| Edition statement | 1st ed. |
| 260 ## - PUBLICATION, DISTRIBUTION, ETC. | |
| Place of publication, distribution, etc. | New York and London, |
| Name of publisher, distributor, etc. | McGraw-Hill book company, inc., |
| Date of publication, distribution, etc. | 1939. |
| 300 ## - PHYSICAL DESCRIPTION | |
| Extent | xi, 458 p. |
| Other physical details | illus., diagrs. |
| Dimensions | 24 cm. |
| 526 ## - STUDY PROGRAM INFORMATION NOTE | |
| Program name | 0 |
| Interest level | 0 |
| Reading level | 0 |
| Title point value | 513_000000000000000_WIL |
| 650 #0 - SUBJECT ADDED ENTRY--TOPICAL TERM | |
| Topical term or geographic name entry element | Arithmetic |
| General subdivision | Study and teaching. |
| 9 (RLIN) | 39169 |
| 650 #0 - SUBJECT ADDED ENTRY--TOPICAL TERM | |
| Topical term or geographic name entry element | MCE |
| 9 (RLIN) | 379 |
| 700 1# - ADDED ENTRY--PERSONAL NAME | |
| Personal name | Dalrymple, Charles O., [from old catalog] |
| 9 (RLIN) | 39170 |
| 700 1# - ADDED ENTRY--PERSONAL NAME | |
| Personal name | Stone, Mildred Browning, |
| 9 (RLIN) | 39171 |
| 942 ## - ADDED ENTRY ELEMENTS (KOHA) | |
| Source of classification or shelving scheme | |
| Koha item type | Book |
| Withdrawn status | Lost status | Source of classification or shelving scheme | Damaged status | Not for loan | Permanent Location | Current Location | Date acquired | Total Checkouts | Full call number | Barcode | Date last seen | Price effective from | Koha item type |
|---|---|---|---|---|---|---|---|---|---|---|---|---|---|
| Military College of Engineering (MCE) | Military College of Engineering (MCE) | 03/28/2014 | 513 WIL | MCE-29140 | 03/28/2014 | 03/28/2014 | Book |
